4015-高岡郡(高知県)の駅 - Statistics

General Stats
  • This quiz has been taken 7 times
  • The average score is 7 of 14
Answer Stats
Answer % Correct
窪川
100%
日下
83%
佐川
83%
西佐川
67%
土佐久礼
67%
土佐加茂
50%
襟野々
50%
斗賀野
50%
岡花
33%
影野
33%
六反地
33%
仁井田
33%
若井
33%
小村神社前
17%
No matching quizzes found
Score Distribution
Percent of People with Each Score
Percentile by Number Answered
Your Score History
You have not taken this quiz